| 000 | 01723nam a2200433 a 4500 | ||
|---|---|---|---|
| 001 | ebr10229962 | ||
| 003 | CaPaEBR | ||
| 006 | m u | ||
| 007 | cr cn||||||||| | ||
| 008 | 070606s2008 cauab sb s001 0 eng | ||
| 010 | _z 2007022786 | ||
| 015 |
_aGBA808736 _2bnb |
||
| 016 | 7 |
_z014500109 _2Uk |
|
| 020 | _z9780520254909 (cloth : alk. paper) | ||
| 020 | _z0520254902 (cloth : alk. paper) | ||
| 020 | _z9780520254916 (pbk. : alk. paper) | ||
| 020 | _z0520254910 (pbk. : alk. paper) | ||
| 040 |
_aCaPaEBR _cCaPaEBR |
||
| 035 | _a(OCoLC)463188295 | ||
| 050 | 1 | 4 |
_aCC175 _b.M39 2008eb |
| 082 | 0 | 4 |
_a930.1 _222 |
| 100 | 1 | _aMcGuire, Randall H. | |
| 245 | 1 | 0 |
_aArchaeology as political action _h[electronic resource] / _cRandall H. McGuire. |
| 260 |
_aBerkeley : _bUniversity of California Press, _cc2008. |
||
| 300 |
_axv, 294 p. : _bill., maps. |
||
| 490 | 1 |
_aCalifornia series in public anthropology ; _v17 |
|
| 504 | _aIncludes bibliographical references (p. 237-279) and index. | ||
| 533 |
_aElectronic reproduction. _bPalo Alto, Calif. : _cebrary, _d2013. _nAvailable via World Wide Web. _nAccess may be limited to ebrary affiliated libraries. |
||
| 650 | 0 |
_aArchaeology _xPolitical aspects. |
|
| 650 | 0 |
_aArchaeology _xPolitical aspects _vCase studies. |
|
| 650 | 0 |
_aArchaeologists _xPolitical activity. |
|
| 650 | 0 |
_aArchaeology _xSocial aspects. |
|
| 650 | 0 |
_aArchaeology _xPhilosophy. |
|
| 650 | 0 | _aMarxian archaeology. | |
| 655 | 7 |
_aElectronic books. _2local |
|
| 710 | 2 | _aebrary, Inc. | |
| 830 | 0 |
_aCalifornia series in public anthropology ; _v17. |
|
| 856 | 4 | 0 |
_uhttp://site.ebrary.com/lib/rucke/Doc?id=10229962 _zAn electronic book accessible through the World Wide Web; click to view |
| 999 |
_c39218 _d39218 |
||